Geometry Dash/GD quiz - Statistics

General Stats
  • This quiz has been taken 309 times
  • The average score is 8 of 10
Answer Stats
Hint Answer % Correct
Who made geometry dash? Robtop
97%
Is the 11th level of GD Clutterfunk or Clutterfuck? Clutterfunk
85%
What is the first main level that has the game mode Wave? Blast processing
82%
How many main levels are there in 2.2( excluding the tower and the challenge)? 22
81%
Which month was the update 2.2 made? December
81%
What is the game mode that is not in the level "Dash"? UFO
78%
Where is the creator of geometry dash from? Sweden
76%
Who verified Tidal Wave? Zoink
75%
What is the name of the third level in Subzero? Power Trip
57%
What is the second level in Chaos Gauntlet? Scarlet surge
42%
No matching quizzes found
Score Distribution
Percent of People with Each Score
Percentile by Number Answered
Your Score History
You have not taken this quiz